Veľký slovensko-ruský slovník

Saved in:
Bibliographic Details
Format: Book
Language:Slovak
Russian
Published: Bratislava Veda 1986
Edition:1. vyd.
Tags: Add Tag
No Tags, Be the first to tag this record!

MARC

LEADER 00000nam a2200000 4500
001 c029513
005 20221219101023.0
041 0 |a slo 
041 0 |a rus 
044 |a SK 
245 1 0 |a Veľký slovensko-ruský slovník 
250 |a 1. vyd. 
264 1 |a Bratislava  |b Veda  |c 1986 
300 |a 808 s.